Theory and problems of statistics (Record no. 7819)

000 -LEADER
fixed length control field 00486nam a2200193La 4500
001 - CONTROL NUMBER
control field 7819
003 - CONTROL NUMBER IDENTIFIER
control field BD-DhUET
008 - FIXED-LENGTH DATA ELEMENTS--GENERAL INFORMATION
fixed length control field 000404s1999 nyu s 001 0 eng d
040 ## - CATALOGING SOURCE
Transcribing agency 0
Modifying agency BD-DhUET
082 04 - DEWEY DECIMAL CLASSIFICATION NUMBER
Classification number 519.9
Item number SPI/1961
100 1# - MAIN ENTRY--PERSONAL NAME
Personal name Spiegel, Murray R.
245 10 - TITLE STATEMENT
Title Theory and problems of statistics
250 ## - EDITION STATEMENT
Edition statement 1st ed.
260 ## - PUBLICATION, DISTRIBUTION, ETC. (IMPRINT)
Place of publication, distribution, etc. New York
Name of publisher, distributor, etc. McGraw-Hill
Date of publication, distribution, etc. 1961
300 ## - PHYSICAL DESCRIPTION
Extent vii, 339 p.
490 ## - SERIES STATEMENT
Series statement Schaums outline series
650 #0 - SUBJECT ADDED ENTRY--TOPICAL TERM
Topical term or geographic name as entry element Statistical mathematics
942 ## - ADDED ENTRY ELEMENTS (KOHA)
Koha item type General Book
Holdings
Location (home branch) Source of classification or shelving scheme Koha item type Piece designation (barcode) Withdrawn status Not for loan Price effective from Lost status Sublocation or collection (holding branch) Shelving location Koha full call number Date acquired Copy number Damaged status Koha date last seen Koha normalized classification for sorting
Central Library, BUET General Book45113  2014-12-13 Central Library, BUETCirculation section519.9/SPI/19612014-12-131 2014-12-13519_900000000000000_SPI_1961
Central Library, BUET General Book7858  2014-12-13 Central Library, BUETCirculation section519.9/SPI/19612014-12-132 2014-12-13519_900000000000000_SPI_1961
Central Library, BUET Reading Item23617  2015-06-11 Central Library, BUETReading section519.9/SPI/19612015-06-113 2015-06-11519_900000000000000_SPI_1961
Central Library, BUET Reading Item9588  2015-06-11 Central Library, BUETReading section519.9/SPI/19612015-06-114 2015-06-11519_900000000000000_SPI_1961
Central Library, BUET Reading Item17979  2015-06-11 Central Library, BUETReading section519.9/SPI/19612015-06-115 2015-06-11519_900000000000000_SPI_1961
Central Library, BUET Reading Item31852  2015-06-11 Central Library, BUETReading section519.9/SPI/19612015-06-116 2015-06-11519_900000000000000_SPI_1961
Central Library, BUET General Book31857  2016-11-27 Central Library, BUETCirculation section519.9/SPI/19612016-11-277 2016-11-27519_900000000000000_SPI_1961